<?xml version="1.0" encoding="UTF-8"?>
<record
    xmlns:xsi="http://www.w3.org/2001/XMLSchema-instance"
    xsi:schemaLocation="http://www.loc.gov/MARC21/slim http://www.loc.gov/standards/marcxml/schema/MARC21slim.xsd"
    xmlns="http://www.loc.gov/MARC21/slim">

  <leader>01578nab a2200277   4500</leader>
  <controlfield tag="003">AR-RoBPED</controlfield>
  <controlfield tag="005">20260408101428.0</controlfield>
  <controlfield tag="008">260408b        |||||||| |||| 00| 0 spa d</controlfield>
  <datafield tag="040" ind1=" " ind2=" ">
    <subfield code="a">AR-RoBPED</subfield>
  </datafield>
  <datafield tag="041" ind1=" " ind2=" ">
    <subfield code="a">spa</subfield>
  </datafield>
  <datafield tag="100" ind1="1" ind2=" ">
    <subfield code="a">Calvo, Aldana G.</subfield>
    <subfield code="9">30728</subfield>
    <subfield code="e">Licenciada y profesora en Psicolog&#xED;a</subfield>
  </datafield>
  <datafield tag="245" ind1="1" ind2="3">
    <subfield code="a">El pensar y el hacer de un equipo de orientaci&#xF3;n escolar.</subfield>
    <subfield code="b">Escuela secundaria, trayectorias escolares e intervenciones institucionales /</subfield>
  </datafield>
  <datafield tag="260" ind1=" " ind2=" ">
    <subfield code="a">Buenos Aires :</subfield>
    <subfield code="b">Noveduc,</subfield>
    <subfield code="c">2025</subfield>
  </datafield>
  <datafield tag="300" ind1=" " ind2=" ">
    <subfield code="a">45-47 p.</subfield>
  </datafield>
  <datafield tag="500" ind1=" " ind2=" ">
    <subfield code="a">Las autoras dan cuenta del trabajo diario del equipo en el Departamento de Orientaci&#xF3;n Escolar (DOE) que se desarrolla en una escuela p&#xFA;blica de la Ciudad de Buenos Aires, la cual ofrece un trayecto educativo de tres a&#xF1;os, denominado Ciclo B&#xE1;sico de Formaci&#xF3;n Ocupacional (CBO) que forma parte de la Nueva Escuela Secundaria y est&#xE1; destinada a la poblaci&#xF3;n juvenil egresada del nivel primario, as&#xED; como tambi&#xE9;n a les j&#xF3;venes que han transitado los primeros a&#xF1;os del Ciclo B&#xE1;sico, sin haber finalizado. </subfield>
  </datafield>
  <datafield tag="650" ind1=" " ind2="0">
    <subfield code="a">TRAYECTORIA DEL ALUMNO</subfield>
    <subfield code="9">23241</subfield>
  </datafield>
  <datafield tag="650" ind1=" " ind2="7">
    <subfield code="a">INCLUSION EDUCATIVA</subfield>
    <subfield code="9">19761</subfield>
  </datafield>
  <datafield tag="650" ind1=" " ind2="7">
    <subfield code="a">NIVEL MEDIO</subfield>
    <subfield code="9">3552</subfield>
  </datafield>
  <datafield tag="650" ind1=" " ind2="7">
    <subfield code="a">ORIENTACION EDUCATIVA</subfield>
    <subfield code="9">18744</subfield>
  </datafield>
  <datafield tag="650" ind1=" " ind2="7">
    <subfield code="a">PEDAGOGIA</subfield>
    <subfield code="9">256</subfield>
  </datafield>
  <datafield tag="650" ind1=" " ind2="7">
    <subfield code="a">ALUMNOS</subfield>
    <subfield code="9">762</subfield>
  </datafield>
  <datafield tag="700" ind1="1" ind2=" ">
    <subfield code="a">Sale, Gloria A.</subfield>
    <subfield code="9">26513</subfield>
    <subfield code="e">Licenciada y profesora en Ciencias de la Educaci&#xF3;n </subfield>
  </datafield>
  <datafield tag="773" ind1="0" ind2=" ">
    <subfield code="0">20414</subfield>
    <subfield code="9">41867</subfield>
    <subfield code="d">Buenos Aires :  Noveduc,  1993-</subfield>
    <subfield code="t">Novedades Educativas</subfield>
    <subfield code="w">(AR-RoBPED)20414</subfield>
    <subfield code="x">03283534</subfield>
  </datafield>
  <datafield tag="942" ind1=" " ind2=" ">
    <subfield code="2">udc</subfield>
    <subfield code="c">REV</subfield>
    <subfield code="h">37(05)</subfield>
    <subfield code="m">Nov 86 N&#xB0; 400 (Febr.2025)</subfield>
    <subfield code="a">k.32525</subfield>
  </datafield>
  <datafield tag="945" ind1=" " ind2=" ">
    <subfield code="a">mar 04/2026</subfield>
  </datafield>
  <datafield tag="999" ind1=" " ind2=" ">
    <subfield code="c">32525</subfield>
    <subfield code="d">32525</subfield>
  </datafield>
</record>
